University Home | Library Home | Institutional Repository

Pollen grains: their structure, identification, and significance in science and medicine. (Record no. 144275)

MARC details
000 -LEADER
fixed length control field 00953cam4a220022900 4500
001 - CONTROL NUMBER
control field qce00665348
005 - DATE AND TIME OF LATEST TRANSACTION
control field 20190823092155.0
008 - FIXED-LENGTH DATA ELEMENTS--GENERAL INFORMATION
fixed length control field 881017r19651935nyua b 000 0 eng d
035 ## - SYSTEM CONTROL NUMBER
System control number (Sirsi) r55022
035 ## - SYSTEM CONTROL NUMBER
System control number (QCAT)lss05590509
035 ## - SYSTEM CONTROL NUMBER
System control number (UPRA)qce00665348
040 ## - CATALOGING SOURCE
Modifying agency UPRA
100 1# - MAIN ENTRY--PERSONAL NAME
Personal name Wodehouse, Roger P. (Roger Philip), b. 1889.
Fuller form of name Wodehouse, Roger P. (Roger Philip), b. 1889.
Dates associated with a name Wodehouse, Roger P. (Roger Philip), b. 1889.
Linkage A13867.1
245 10 - TITLE STATEMENT
Title Pollen grains: their structure, identification, and significance in science and medicine.
260 ## - PUBLICATION, DISTRIBUTION, ETC.
Place of publication, distribution, etc. New York :
Name of publisher, distributor, etc. Hafner Pub. Co.,
Date of publication, distribution, etc. 1965, [c1935]
500 ## - GENERAL NOTE
General note "Facsimile of the edition of 1935."
504 ## - BIBLIOGRAPHY, ETC. NOTE
Bibliography, etc. note Includes bibliographical references.
650 #0 - SUBJECT ADDED ENTRY--TOPICAL TERM
Topical term or geographic name entry element Pollen -- Morphology.
General subdivision Pollen -- Morphology.
Linkage S9464.1
650 #0 - SUBJECT ADDED ENTRY--TOPICAL TERM
Topical term or geographic name entry element Botany -- Classification.
General subdivision Botany -- Classification.
Linkage S818.1
949 ## - LOCAL PROCESSING INFORMATION (OCLC)
a QK658
w lcc
i 33729000216585
m MAIN
p 2500
t BOOK
l ON-SHELF

No items available.

© 2026 - The University of Zambia Library - Koha v25.11